000
00258nam a2200109Ia 4500
008
140130s9999 xx 000 0 und d
245
_c
Baglio, Ben
_a
Spaniel Surprise
260
_b
Scholastic,
521
_a
Grade 3 - Grade 5
942
_c
BK
999
_c
41010
_d
41010